A first course in linear algebra / (Record no. 6582)

MARC details
000 -LEADER
fixed length control field 00843nam a2200277 4500
001 - CONTROL NUMBER
control field 599407
005 - DATE AND TIME OF LATEST TRANSACTION
control field 20150505154323.0
007 - PHYSICAL DESCRIPTION FIXED FIELD--GENERAL INFORMATION
fixed length control field 000
008 - FIXED-LENGTH DATA ELEMENTS--GENERAL INFORMATION
fixed length control field 000
010 ## - LIBRARY OF CONGRESS CONTROL NUMBER
LC control number 91037218
020 ## - INTERNATIONAL STANDARD BOOK NUMBER
International Standard Book Number 067338392X
040 ## - CATALOGING SOURCE
Original cataloging agency UOEL
Transcribing agency DLC
Modifying agency DLC
050 00 - LIBRARY OF CONGRESS CALL NUMBER
Classification number QA184
Item number .M64 1991
082 00 - DEWEY DECIMAL CLASSIFICATION NUMBER
Classification number 512/.5
Edition number 20
100 1# - MAIN ENTRY--PERSONAL NAME
Personal name Moore, Hal G.,
Dates associated with a name 1929-
245 12 - TITLE STATEMENT
Title A first course in linear algebra /
Statement of responsibility, etc Hal G. Moore, Adil Yaqub.
250 ## - EDITION STATEMENT
Edition statement 2nd ed.
260 ## - PUBLICATION, DISTRIBUTION, ETC. (IMPRINT)
Place of publication, distribution, etc New York, NY :
Name of publisher, distributor, etc HarperCollins,
Date of publication, distribution, etc 1991.
300 ## - PHYSICAL DESCRIPTION
Extent xv, 491, 56, 4 p. :
Other physical details ill. ;
Dimensions 25 cm.
500 ## - GENERAL NOTE
General note Includes index.
650 #0 - SUBJECT ADDED ENTRY--TOPICAL TERM
Topical term or geographic name as entry element Algebras, Linear.
General subdivision Mathematics
700 1# - ADDED ENTRY--PERSONAL NAME
Personal name Yaqub, Adil,
Dates associated with a name 1928-
906 ## - LOCAL DATA ELEMENT F, LDF (RLIN)
a 7
b cbc
c orignew
d 1
e ocip
f 19
g y-gencatlg
942 ## - ADDED ENTRY ELEMENTS (KOHA)
Source of classification or shelving scheme Library of Congress Classification
Item type Loan - Normal on open shelf
Holdings
Withdrawn status Lost status Source of classification or shelving scheme Damaged status Not for loan Home library Current library Shelving location Date acquired Total Checkouts Full call number Barcode Date last seen Date last borrowed Copy number Price effective from Koha item type
    Library of Congress Classification     UOE Main Library UOE Main Library Open shelf 05/05/2015 3 QA184 .M64 1991 10044137 27/04/2026 16/11/2022 10044137 05/05/2015 Loan - Normal on open shelf